000 00618cam a22002173a 4500
001 36458
003 PGUSA
005 20140828083805.0
008 110618s2011||||xxu|||||s|||||000 | eng d
040 _aPGUSA
_beng
042 _adc
100 1 _aBinet, Alfred,
_d1857-1911
245 1 0 _aMentally Defective Children
_h[electronic resource] /
_cAlfred Binet
260 _bProject Gutenberg,
_c2011
506 _aPublic domain in the USA.
516 _aElectronic text
700 1 _aDrummond, William Blackley
830 0 _aProject Gutenberg
_v36458
856 4 0 _uhttp://www.gutenberg.org/ebooks/36458
942 _cEB
999 _c265713
_d265713